00301nam a2200097Ia 4500008004100000100001900041245003800060245002600098260000900124856007000133160531s9999 xx 000 0 und d aDarwish, Atef. aContemporary Gynecologic Practice cby Atef Darwish (ed.) c2015 uhttp://www.intechopen.com/books/contemporary-gynecologic-practice